[Event "Women's Speed Chess Q3"]
[Site "chess.com INT"]
[Date "2021.05.30"]
[Round "11"]
[White "Zhuravleva, Olga"]
[Black "Nguyen, Thi Thanh An"]
[Result "1-0"]
[WhiteTitle "WIM"]
[BlackTitle "WGM"]
[WhiteElo "2278"]
[BlackElo "2259"]
[WhiteFideId "4145933"]
[BlackFideId "12400300"]
[EventDate "2021.05.30"]

1. e4 c6 2. Nf3 d5 3. Nc3 dxe4 4. Nxe4 Bf5 5. Ng3 Bg6 6. h4 h6 7. Ne5 Bh7 8. Qh5
g6 9. Bc4 e6 10. Qe2 Qd6 11. d4 Nf6 12. Bf4 Qe7 13. O-O-O Bg7 14. Qd2 Nbd7 15.
Rhe1 h5 16. Nxf7 Qxf7 17. Rxe6+ Kd8 18. Rxc6 Nd5 19. Bg5+ Bf6 20. Rd6 Kc7 21.
Rxd5 Bxg5 22. hxg5 Qe7 23. Qa5+ Nb6 24. Rc5+ 1-0

[Event "Women's Speed Chess Q3"]
[Site "chess.com INT"]
[Date "2021.05.30"]
[Round "11"]
[White "Bivol, Alina"]
[Black "Voit, Daria"]
[Result "1-0"]
[WhiteTitle "WGM"]
[BlackTitle "WGM"]
[WhiteElo "2385"]
[BlackElo "2360"]
[WhiteFideId "4100123"]
[BlackFideId "4182146"]
[EventDate "2021.05.30"]

1. e4 c6 2. d4 d5 3. e5 Bf5 4. h4 h5 5. Bd3 Bxd3 6. Qxd3 Qa5+ 7. Nd2 e6 8. Nf3
c5 9. dxc5 Bxc5 10. O-O Qa6 11. c4 Ne7 12. b3 Nbc6 13. Bb2 Rd8 14. Qc2 Qb6 15.
cxd5 Rxd5 16. Nc4 Qc7 17. Nd6+ Bxd6 18. exd6 Qxd6 19. Bxg7 Rg8 20. Bf6 Qf4 21.
Bg5 Qg4 22. Rad1 f6 23. Rxd5 Nxd5 24. Qh7 Nce7 25. Nh2 Qe2 26. Bc1 Nc3 27. Ba3
Ncd5 28. Rc1 Kd7 29. Bxe7 Nxe7 30. Nf1 Qe4 31. Ne3 Qxh4 32. Qd3+ Ke8 33. Rc7 Qg5
34. Qd7+ Kf8 35. Qxe7# 1-0

[Event "Women's Speed Chess Q3"]
[Site "chess.com INT"]
[Date "2021.05.30"]
[Round "11"]
[White "Golubenko, Valentina"]
[Black "Froewis, Annika"]
[Result "1-0"]
[WhiteTitle "WGM"]
[BlackTitle "WFM"]
[WhiteElo "2209"]
[BlackElo "2143"]
[WhiteFideId "4501993"]
[BlackFideId "1621432"]
[EventDate "2021.05.30"]

1. d4 e6 2. Nf3 d5 3. g3 Nf6 4. Bg2 Be7 5. O-O O-O 6. c4 dxc4 7. Nbd2 a6 8. Nxc4
b5 9. Nce5 Bb7 10. Bg5 Nbd7 11. Rc1 h6 12. Bxf6 Nxf6 13. Nc6 Qe8 14. Nfe5 Nd5
15. e4 Nb6 16. d5 exd5 17. exd5 Bd6 18. Re1 Qc8 19. Qd4 Kh8 20. Qf4 Bxc6 21.
Rxc6 f5 22. Ng6+ Kh7 23. Nxf8+ Qxf8 24. Qd4 Rd8 25. Rec1 Qf7 26. b3 a5 27. Qd3
Bb4 28. Rxc7 Qf6 29. Qxb5 Ba3 30. Rd1 Qd6 31. Rc6 Qb4 32. Qxb4 axb4 33. Rxb6 1-0

[Event "Women's Speed Chess Q3"]
[Site "chess.com INT"]
[Date "2021.05.30"]
[Round "11"]
[White "Petrova, Irina"]
[Black "Tanishka, Kotia"]
[Result "1-0"]
[WhiteTitle "WIM"]
[BlackTitle "WFM"]
[WhiteElo "2110"]
[BlackElo "1849"]
[WhiteFideId "14124122"]
[BlackFideId "25005600"]
[EventDate "2021.05.30"]

1. e4 c5 2. Nf3 Nc6 3. Bb5 g6 4. Bxc6 dxc6 5. d3 Bg7 6. Nc3 Nf6 7. Be3 b6 8. h3
O-O 9. Qd2 Qc7 10. O-O Ba6 11. Nh2 Rad8 12. f4 e6 13. e5 Nd5 14. Ne4 c4 15. Ng4
cxd3 16. cxd3 Nxe3 17. Qxe3 Rxd3 18. Ngf6+ Kh8 19. Qf2 Bxf6 20. Nxf6 Kg7 21. Qh4
Rh8 22. Rad1 Rxd1 23. Rxd1 Be2 24. Rd2 Bc4 25. Rd7 Qc8 26. Nh5+ gxh5 27. Qf6+
Kg8 28. Qxf7# 1-0

[Event "Women's Speed Chess Q3"]
[Site "chess.com INT"]
[Date "2021.05.30"]
[Round "11"]
[White "Nguyen, Thi Mai Hung"]
[Black "Koridze, Lile"]
[Result "0-1"]
[WhiteTitle "WGM"]
[BlackTitle "WFM"]
[WhiteElo "2254"]
[BlackElo "2016"]
[WhiteFideId "12401676"]
[BlackFideId "13612514"]
[EventDate "2021.05.30"]

1. d4 Nf6 2. Nf3 d5 3. g3 c6 4. Bg2 g6 5. O-O Bg7 6. c4 O-O 7. Nbd2 b6 8. Qc2
Bb7 9. e4 dxe4 10. Nxe4 c5 11. d5 Nxe4 12. Qxe4 e6 13. Bg5 exd5 14. cxd5 Qxd5
15. Qh4 Na6 16. Rfd1 Qf5 17. Nd4 Qc8 18. Bxb7 Qxb7 19. Nb5 Bxb2 20. Rab1 Bg7 21.
Nd6 Qc6 22. Bf6 Nb4 23. Bxg7 Kxg7 24. a3 Nd5 25. Ne4 Rad8 26. Rd3 Nf6 27. Rxd8
Rxd8 0-1

[Event "Women's Speed Chess Q3"]
[Site "chess.com INT"]
[Date "2021.05.30"]
[Round "11"]
[White "Eswaran, Aksithi"]
[Black "Nandhidhaa, P V"]
[Result "0-1"]
[WhiteTitle "WCM"]
[BlackTitle "WGM"]
[WhiteElo "1745"]
[BlackElo "2365"]
[WhiteFideId "2083485"]
[BlackFideId "5050847"]
[EventDate "2021.05.30"]

1. e4 c5 2. Nf3 a6 3. c3 Nf6 4. Bd3 d6 5. Bc2 Nc6 6. d4 cxd4 7. cxd4 e5 8. Nc3
Be7 9. O-O O-O 10. Bg5 Bg4 11. Bxf6 Bxf6 12. d5 Nd4 13. Kh1 Qd7 14. Bd3 Bxf3 15.
gxf3 Qh3 16. Be2 Bg5 17. Rg1 Bf4 18. Rg2 f5 19. exf5 Rxf5 20. Qd3 Rh5 21. Ne4
Bxh2 22. Ng5 Rxg5 23. Rxh2 Qf5 24. Qxf5 Rxf5 25. Bd1 Nxf3 26. Bxf3 Rxf3 27. Rc1
Rf7 28. Kg1 Raf8 29. Rc2 Re7 30. Rh3 Rf4 31. Rhc3 Rd4 32. Rc8+ Kf7 33. R8c7 Rxd5
34. Rxe7+ Kxe7 35. Rc7+ Kf6 36. Rxb7 Rb5 37. Rd7 Ke6 38. Rf7 0-1

[Event "Women's Speed Chess Q3"]
[Site "chess.com INT"]
[Date "2021.05.30"]
[Round "11"]
[White "Pham, Le Thao Nguyen"]
[Black "Zuriel, Marisa"]
[Result "1-0"]
[WhiteTitle "IM"]
[BlackTitle "WIM"]
[WhiteElo "2369"]
[BlackElo "2203"]
[WhiteFideId "12401226"]
[BlackFideId "109142"]
[EventDate "2021.05.30"]

1. d4 Nf6 2. Nf3 c5 3. c3 g6 4. Bf4 Bg7 5. e3 O-O 6. h3 cxd4 7. exd4 d6 8. Be2
b6 9. O-O Bb7 10. a4 Nc6 11. Re1 Rc8 12. Na3 Re8 13. Nc4 Qc7 14. Bh2 Qb8 15. Bd3
Nd5 16. Ne3 Nxe3 17. Rxe3 a6 18. Qe2 Rc7 19. Bxa6 Na5 20. Bb5 Bc6 21. Nd2 Bxb5
22. axb5 Qd8 23. Bg3 Qd7 24. Re1 e6 25. Qf3 Rcc8 26. Qe2 Red8 27. Rf3 Qb7 28. h4
h5 29. Bf4 Qd5 30. Bg5 Rd7 31. Bf6 Qa2 32. Ne4 Bf8 33. Bg5 Bg7 34. Nf6+ Bxf6 35.
Bxf6 Kh7 36. Rg3 Nc4 37. Rg5 1-0

[Event "Women's Speed Chess Q3"]
[Site "chess.com INT"]
[Date "2021.05.30"]
[Round "11"]
[White "Varney, Zoe"]
[Black "Starosta, Martyna"]
[Result "0-1"]
[WhiteTitle "WCM"]
[BlackTitle "WCM"]
[WhiteElo "1917"]
[BlackElo "1910"]
[WhiteFideId "436135"]
[BlackFideId "21818754"]
[EventDate "2021.05.30"]

1. e4 c5 2. Nf3 d6 3. d4 cxd4 4. Nxd4 Nf6 5. Nc3 a6 6. Be3 e5 7. Nb3 Be6 8. f3
Be7 9. Qd2 h5 10. O-O-O Nbd7 11. Nd5 Nxd5 12. exd5 Bf5 13. Bd3 Bxd3 14. Qxd3 Qc7
15. f4 Rc8 16. Rhf1 a5 17. Qd2 a4 18. Na1 a3 19. bxa3 Qc4 20. Nb3 Bf6 21. fxe5
Nxe5 22. Bd4 Qa4 23. Bb2 O-O 24. Rxf6 gxf6 25. Rf1 Qc4 26. Rxf6 Qg4 27. Rf2 Qg6
28. h3 Nd3+ 29. Kb1 Nxf2 30. Qxf2 Rfe8 31. Qd2 Rc7 32. Nc1 Rec8 0-1

[Event "Women's Speed Chess Q3"]
[Site "chess.com INT"]
[Date "2021.05.30"]
[Round "11"]
[White "Doluhanova, Evgeniya"]
[Black "Ziegenfuss, Antonia"]
[Result "1-0"]
[WhiteTitle "WGM"]
[BlackTitle "WFM"]
[WhiteElo "2207"]
[BlackElo "2157"]
[WhiteFideId "14112035"]
[BlackFideId "12962554"]
[EventDate "2021.05.30"]

1. e4 c5 2. Nf3 e6 3. c4 Nc6 4. Nc3 d6 5. d4 cxd4 6. Nxd4 Nf6 7. Be3 Be7 8. Be2
O-O 9. O-O Bd7 10. Rc1 a6 11. a3 Rc8 12. b4 Qc7 13. h3 Qb8 14. Qd2 Rfd8 15. Rfd1
Be8 16. f3 Ne5 17. Qa2 Nc6 18. Nxc6 bxc6 19. e5 dxe5 20. c5 Nd5 21. Nxd5 exd5
22. Bxa6 Rc7 23. Bf2 Ra7 24. Bd3 Qxb4 25. Bxh7+ Kh8 26. axb4 Rxa2 27. Bd3 Rb8
28. b5 cxb5 29. c6 Rc8 30. Bxb5 d4 31. Bc4 Rb2 32. Bd5 Rb5 33. Be4 g6 34. g4 Rb6
35. c7 Bd6 36. f4 Rxc7 37. Rxc7 Bxc7 38. fxe5 Bxe5 39. Bxd4 Rd6 40. Bxe5+ f6 41.
Bxd6 Kg7 42. Bf3 Bf7 43. Kg2 f5 44. Re1 fxg4 45. hxg4 g5 46. Re7 Kf8 47. Rxf7+ 1-0

[Event "Women's Speed Chess Q3"]
[Site "chess.com INT"]
[Date "2021.05.30"]
[Round "11"]
[White "Chu, Ruotong"]
[Black "Perez Rodriguez, Jennifer"]
[Result "1-0"]
[WhiteTitle "WIM"]
[BlackTitle "WIM"]
[WhiteElo "2207"]
[BlackElo "2251"]
[WhiteFideId "8605653"]
[BlackFideId "3507831"]
[EventDate "2021.05.30"]

1. d4 Nf6 2. g3 d5 3. Bg2 c6 4. Nf3 Bf5 5. c4 e6 6. Nc3 h6 7. Qb3 Qb6 8. c5 Qxb3
9. axb3 Nbd7 10. b4 Ne4 11. Nd2 Nxc3 12. bxc3 a6 13. e4 dxe4 14. Bxe4 Bxe4 15.
Nxe4 O-O-O 16. Bf4 g5 17. Bd6 Bg7 18. Be7 Rdg8 19. Nd6+ Kc7 20. Nxf7 Rh7 21.
Bd6+ Kc8 22. Ne5 Bxe5 23. dxe5 Rf7 24. O-O Rf3 25. Rfc1 Rg7 26. Ra2 Rgf7 27. h3
h5 28. c4 R3f5 29. Re2 g4 30. hxg4 hxg4 31. Kg2 Rh5 32. Rh1 Rfh7 33. Rxh5 Rxh5
34. Re4 Rg5 35. f3 gxf3+ 36. Kxf3 Kd8 37. g4 Ke8 38. Kf4 Rg6 39. g5 Kf7 40. Re1
Rg8 41. Rh1 Kg6 42. Rh6+ Kg7 43. Rxe6 Rh8 44. Re7+ 1-0

[Event "Women's Speed Chess Q3"]
[Site "chess.com INT"]
[Date "2021.05.30"]
[Round "11"]
[White "Makhija, Aashna"]
[Black "Dordzhieva, Dinara"]
[Result "0-1"]
[WhiteTitle "WIM"]
[BlackTitle "WGM"]
[WhiteElo "1969"]
[BlackElo "2334"]
[WhiteFideId "25011944"]
[BlackFideId "24157570"]
[EventDate "2021.05.30"]

1. e4 c5 2. c3 d5 3. exd5 Qxd5 4. d4 Nf6 5. Nf3 Nc6 6. Be3 cxd4 7. cxd4 e6 8.
Nc3 Qd8 9. Bd3 Be7 10. O-O O-O 11. Qe2 a6 12. Rad1 Nb4 13. Bb1 b5 14. Rfe1 Bb7
15. a3 Nbd5 16. Ne5 Rc8 17. Bd2 Qb6 18. Nxd5 Bxd5 19. Be3 Qb7 20. f3 Rfd8 21.
Qf2 g6 22. Rc1 Rxc1 23. Rxc1 Rc8 24. Rd1 b4 25. axb4 Qxb4 26. Nd3 Qb3 27. Qe1
Nd7 28. Nf4 Bf6 29. Nxd5 Qxd5 30. Bf2 Qb3 31. Qe2 Nb6 32. Bd3 a5 33. Rd2 Nd5 34.
h4 Rc1+ 35. Kh2 Nf4 36. Qe4 Nxd3 37. Qxd3 Qb8+ 38. Bg3 Qb7 39. Qe4 Qb4 40. Qa8+
Kg7 41. Re2 h5 42. Be5 Bxe5+ 43. dxe5 Qxh4# 0-1

[Event "Women's Speed Chess Q3"]
[Site "chess.com INT"]
[Date "2021.05.30"]
[Round "11"]
[White "Cori T., Deysi"]
[Black "Osmak, Iulija"]
[Result "1-0"]
[WhiteTitle "WGM"]
[BlackTitle "IM"]
[WhiteElo "2388"]
[BlackElo "2425"]
[WhiteFideId "3801934"]
[BlackFideId "14101602"]
[EventDate "2021.05.30"]

1. d4 d6 2. Nf3 Bg4 3. Nbd2 Nf6 4. g3 c6 5. Bg2 Nbd7 6. O-O e5 7. dxe5 dxe5 8.
Nc4 Qc7 9. h3 Bh5 10. Bg5 Be7 11. Bxf6 gxf6 12. Nh4 O-O-O 13. Nf5 Nb6 14. Nxb6+
axb6 15. Qe1 Bg6 16. Nxe7+ Qxe7 17. Qc3 Qc5 18. Qf3 Qxc2 19. Qxf6 Qf5 20. Qe7
Rhe8 21. Qb4 Kc7 22. Rac1 Rd4 23. Qc3 Qd7 24. b4 Kb8 25. a4 Be4 26. a5 Bxg2 27.
Kxg2 Qd5+ 28. Kg1 bxa5 29. bxa5 Qb5 30. Rb1 Qc4 31. Qb2 Qa6 32. Rfc1 Red8 33.
Qc3 R8d7 34. Kg2 R4d5 35. Rb6 Qxa5 36. Qxc6 Ka7 37. Rxb7+ Rxb7 38. Qc4 Rdb5 39.
Qc2 Rb4 40. Qd3 Qb5 41. Qe3+ Qb6 42. Ra1+ Kb8 43. Qxe5+ Rc7 44. Qe8+ Kb7 45.
Qa8# 1-0

[Event "Women's Speed Chess Q3"]
[Site "chess.com INT"]
[Date "2021.05.30"]
[Round "11"]
[White "Enkhtuul, Altan-Ulzii"]
[Black "Komiagina, Maria"]
[Result "0-1"]
[WhiteTitle "WGM"]
[BlackTitle "WIM"]
[WhiteElo "2228"]
[BlackElo "2241"]
[WhiteFideId "4901444"]
[BlackFideId "4153987"]
[EventDate "2021.05.30"]

1. d4 Nf6 2. Nf3 g6 3. Nc3 Bg7 4. Bf4 d6 5. e4 O-O 6. Qd2 a6 7. h4 h5 8. Bh6 b5
9. Bxg7 Kxg7 10. O-O-O b4 11. Nd5 Nxe4 12. Qe3 Nf6 13. Nxb4 a5 14. Nd3 Bf5 15.
Nf4 c6 16. Bd3 Bxd3 17. Nxd3 Nbd7 18. Qg5 Rb8 19. Nf4 Rb5 20. Qg3 Qb6 21. Nd3 c5
22. dxc5 Nxc5 23. Nxc5 dxc5 24. Qe5 Rb8 25. b3 c4 26. Qd4 Qc7 27. Rhe1 cxb3 28.
axb3 Rxb3 29. Nd2 Ra3 30. Ne4 Rb4 31. Qd3 Ra1+ 32. Kd2 Nxe4+ 33. Rxe4 Rxd1+ 34.
Kxd1 Rb1+ 35. Kd2 Rb6 36. Qd4+ f6 37. Ke2 Rd6 38. Qb2 e5 39. g3 Rb6 0-1

[Event "Women's Speed Chess Q3"]
[Site "chess.com INT"]
[Date "2021.05.30"]
[Round "11"]
[White "Shuvalova, Polina"]
[Black "Bodnaruk, Anastasia"]
[Result "1/2-1/2"]
[WhiteTitle "IM"]
[BlackTitle "IM"]
[WhiteElo "2484"]
[BlackElo "2457"]
[WhiteFideId "24171760"]
[BlackFideId "4181751"]
[EventDate "2021.05.30"]

1. e4 c5 2. Nf3 d6 3. d4 cxd4 4. Nxd4 Nf6 5. Nc3 a6 6. a3 e5 7. Nf5 Nxe4 8.
Nxg7+ Bxg7 9. Nxe4 d5 10. Nc3 Be6 11. g3 Nc6 12. Bg2 Ne7 13. O-O O-O 14. Be3 Rc8
15. Bg5 f6 16. Bd2 f5 17. Ne2 d4 18. Bxb7 Rb8 19. Bg2 Rxb2 20. Bb4 a5 21. Qc1
Rxb4 22. axb4 axb4 23. Ra6 Bd5 24. Bxd5+ Nxd5 25. Re1 e4 26. Nf4 Nxf4 27. Qxf4
Qd7 28. Rd6 Qc7 29. Rd5 Qxc2 30. Rxf5 Re8 31. Qd6 Kh8 32. Qd7 Rg8 33. Rf7 d3 34.
Rxe4 Qc1+ 35. Kg2 Qc3 36. Ree7 b3 37. Re3 b2 38. Qb7 Qc2 39. Rxg7 Rxg7 40. Qb8+
Rg8 41. Qe5+ Rg7 42. Qe8+ Rg8 43. Qe5+ Rg7 44. Qb8+ Rg8 45. Qe5+ 1/2-1/2

[Event "Women's Speed Chess Q3"]
[Site "chess.com INT"]
[Date "2021.05.30"]
[Round "11"]
[White "Obregon Garcia, Roxangel"]
[Black "Tarasova, Viktoriya"]
[Result "1/2-1/2"]
[WhiteTitle "WIM"]
[BlackTitle "WIM"]
[WhiteElo "2167"]
[BlackElo "2226"]
[WhiteFideId "3520420"]
[BlackFideId "4175840"]
[EventDate "2021.05.30"]

1. e4 c5 2. Nf3 d6 3. d4 cxd4 4. Qxd4 Nf6 5. h3 Nc6 6. Qe3 a6 7. Be2 g6 8. O-O
Bg7 9. Rd1 O-O 10. c4 Qc7 11. Nc3 Rb8 12. Rb1 Rd8 13. b3 Nd7 14. Bb2 e6 15. Rbc1
Nde5 16. Ne1 f5 17. f4 Nf7 18. exf5 gxf5 19. Nf3 b6 20. Nd5 Qb7 21. Bxg7 Kxg7
22. Qc3+ e5 23. fxe5 dxe5 24. b4 Be6 25. Qe3 e4 26. Ng5 Bxd5 27. cxd5 Nce5 28.
Nxf7 Qxf7 29. d6 Rd7 30. Qd4 Qf6 31. Rc7 Rd8 32. Rxd7+ Rxd7 33. Bxa6 f4 34. Bc8
Rd8 35. d7 f3 36. Rf1 Qg5 37. Rf2 Qc1+ 38. Kh2 Qg5 39. Qxe4 Kg8 40. g3 h5 41.
Qd5+ Kg7 42. Bb7 h4 43. gxh4 Qf4+ 44. Kg1 Qc1+ 45. Kh2 Qf4+ 46. Kh1 Qc1+ 47. Kh2
Qf4+ 1/2-1/2

[Event "Women's Speed Chess Q3"]
[Site "chess.com INT"]
[Date "2021.05.30"]
[Round "11"]
[White "Von Herman, Brigitte"]
[Black "Ramirez, Maria Eugenia"]
[Result "0-1"]
[WhiteTitle "WFM"]
[BlackTitle "WFM"]
[WhiteElo "1991"]
[BlackElo "2057"]
[WhiteFideId "4628730"]
[BlackFideId "3301680"]
[EventDate "2021.05.30"]

1. e4 e5 2. Nf3 Nc6 3. Bc4 Nf6 4. d3 d5 5. exd5 Nxd5 6. O-O Be7 7. Qe2 Nd4 8.
Nxd4 exd4 9. Re1 Be6 10. Nd2 O-O 11. Bb3 c5 12. Nf3 Bf6 13. Bxd5 Qxd5 14. Bf4 h6
15. Qd2 Rfe8 16. b3 Bg4 17. Rxe8+ Rxe8 18. Ne1 Re2 19. Qa5 Qe6 20. f3 Bh5 21.
Bg3 a6 22. c3 Qe3+ 23. Kh1 Bg6 24. c4 Rb2 25. h3 Qe2 26. Qc7 h5 27. Qc8+ Kh7 28.
Qxb7 h4 29. Bh2 Qf1+ 30. Bg1 Bg5 31. f4 Bxf4 32. Qf3 Qxf3 33. Nxf3 Bh5 34. Nxh4
g5 35. Nf5 Kg6 36. g3 Kxf5 37. gxf4 Kxf4 38. Bh2+ Ke3 39. Re1+ Kxd3 40. Re7 Bf3+
41. Kg1 f5 42. Kf1 Be4 43. Bd6 Ke3 44. Bxc5 Kf3 45. Rd7 Rb1# 0-1

[Event "Women's Speed Chess Q3"]
[Site "chess.com INT"]
[Date "2021.05.30"]
[Round "11"]
[White "Vo, Thi Kim Phung"]
[Black "Tokhirjonova, Gulrukhbegim"]
[Result "0-1"]
[WhiteTitle "WGM"]
[BlackTitle "WGM"]
[WhiteElo "2335"]
[BlackElo "2350"]
[WhiteFideId "12401838"]
[BlackFideId "14203626"]
[EventDate "2021.05.30"]

1. d4 d5 2. c4 c6 3. Nc3 Nf6 4. Nf3 e6 5. Bg5 Be7 6. e3 a6 7. c5 Nbd7 8. h3 O-O
9. Bf4 b6 10. b4 a5 11. a3 Bb7 12. Be2 Qc8 13. O-O Ba6 14. Rb1 axb4 15. axb4
Bxe2 16. Qxe2 Qb7 17. Rb2 Ra3 18. Qc2 Rfa8 19. Rfb1 h6 20. Ne5 Nxe5 21. Bxe5 Nd7
22. Bf4 b5 23. e4 dxe4 24. Nxe4 Nf6 25. Be5 Nd5 26. Bd6 Bf6 27. Be5 Bxe5 28.
dxe5 Qe7 29. Qe2 Qh4 30. Nd6 Qf4 31. g3 Qg5 32. Kg2 Nf4+ 33. Kf1 Nxe2 34. Kxe2
Qxe5+ 35. Kf1 Ra1 36. Kg2 Rxb1 37. Rxb1 Ra2 38. Rb3 Qe2 39. Rf3 f5 40. g4 g6 41.
gxf5 exf5 42. Kg3 Kg7 43. h4 Qe5+ 44. Kg2 Rd2 45. h5 Rd4 46. hxg6 Rg4+ 47. Kh3
Kxg6 48. Re3 Qf6 49. f3 Qh4# 0-1

[Event "Women's Speed Chess Q3"]
[Site "chess.com INT"]
[Date "2021.05.30"]
[Round "11"]
[White "Padmini, Rout"]
[Black "Sliwicka, Alicja"]
[Result "1-0"]
[WhiteTitle "IM"]
[BlackTitle "WIM"]
[WhiteElo "2370"]
[BlackElo "2346"]
[WhiteFideId "5029295"]
[BlackFideId "1150677"]
[EventDate "2021.05.30"]

1. e4 c5 2. Nf3 d6 3. c3 g6 4. d4 cxd4 5. cxd4 Bg7 6. Nc3 Nc6 7. Bb5 Bd7 8. O-O
a6 9. Ba4 Nf6 10. e5 dxe5 11. dxe5 Ng8 12. Qe2 Nh6 13. Bxh6 Bxh6 14. Rad1 Qc8
15. Nd4 Nxd4 16. Rxd4 Bxa4 17. Nxa4 O-O 18. Rfd1 Qf5 19. Nb6 Ra7 20. g3 a5 21.
Nd5 b5 22. h4 b4 23. f4 a4 24. Nxb4 a3 25. b3 Rc7 26. Nd5 Rc2 27. Nxe7+ Kh8 28.
Nxf5 Rxe2 29. Nxh6 Kg7 30. Ng4 Rxa2 31. Ra4 Rb8 32. Ne3 Rxb3 33. Nf1 Rbb2 34. e6
Rg2+ 35. Kh1 fxe6 36. Ra7+ Kf6 37. Rdd7 Kf5 38. h5 Rgf2 39. Kg1 Rg2+ 40. Kh1
Rgf2 41. Rd1 Kg4 42. hxg6 Kh3 43. Rxh7+ Kg4 44. Rh2 Rxh2+ 45. Nxh2+ Kxg3 46.
Rg1+ Kh3 47. Nf3 Rf2 48. g7 Rxf3 49. g8=Q Rxf4 50. Qg3# 1-0

[Event "Women's Speed Chess Q3"]
[Site "chess.com INT"]
[Date "2021.05.30"]
[Round "11"]
[White "Buksa, Nataliya"]
[Black "Paehtz, Elisabeth"]
[Result "1/2-1/2"]
[WhiteTitle "IM"]
[BlackTitle "IM"]
[WhiteElo "2414"]
[BlackElo "2456"]
[WhiteFideId "14123622"]
[BlackFideId "4641833"]
[EventDate "2021.05.30"]

1. d4 g6 2. Nc3 Bg7 3. e4 d6 4. Bg5 a6 5. f4 b5 6. Nf3 Bb7 7. Bd3 Nd7 8. e5 c5
9. exd6 Ngf6 10. dxe7 Qxe7+ 11. Qe2 Qxe2+ 12. Bxe2 O-O 13. dxc5 Nxc5 14. O-O b4
15. Nd1 Nfe4 16. c3 a5 17. Nf2 Rfe8 18. Nxe4 Nxe4 19. Bb5 Rec8 20. cxb4 axb4 21.
Rad1 Nxg5 22. Nxg5 Rc7 23. Rf2 h6 24. Nf3 Rxa2 25. Ne5 Bxe5 26. fxe5 Be4 27. h3
Bf5 28. g4 Be6 29. Rd4 Rc5 30. Rxb4 Rxe5 31. Bc4 Ra1+ 32. Kh2 Re4 33. Rb8+ Kg7
34. Bxe6 Rxe6 35. Rb7 Rf6 36. Rxf6 Kxf6 37. Kg3 Rb1 38. Kf3 h5 39. gxh5 gxh5 40.
Rb6+ Kg5 41. Kg3 f6 42. Rb5+ f5 43. h4+ Kg6 44. Kf4 Rf1+ 45. Ke5 Re1+ 46. Kd5
Rd1+ 47. Ke5 Re1+ 48. Kd5 f4 49. Rb8 Kf5 50. Rf8+ Kg4 51. b4 Kxh4 52. b5 Kg4 53.
b6 Rb1 54. Rg8+ Kf3 55. Kc6 h4 56. Rh8 Kg3 57. Rg8+ Kf3 58. Rh8 Kg3 59. Rg8+ Kf3 1/2-1/2

[Event "Women's Speed Chess Q3"]
[Site "chess.com INT"]
[Date "2021.05.30"]
[Round "11"]
[White "Marjanovic, Annamaria"]
[Black "Mendoza, Shania Mae"]
[Result "0-1"]
[WhiteTitle "WGM"]
[BlackTitle "WFM"]
[WhiteElo "2338"]
[BlackElo "2158"]
[WhiteFideId "750930"]
[BlackFideId "5211158"]
[EventDate "2021.05.30"]

1. c4 e5 2. g3 c6 3. Bg2 d5 4. Nf3 e4 5. Nd4 Nf6 6. d3 exd3 7. Qxd3 Be7 8. cxd5
cxd5 9. O-O O-O 10. Nc3 Nc6 11. Nxc6 bxc6 12. Be3 Be6 13. Na4 Qa5 14. b3 c5 15.
Qd2 Qxd2 16. Bxd2 Rac8 17. Rac1 c4 18. bxc4 dxc4 19. Bf4 h6 20. Bb7 Rcd8 21. Ba6
Ba3 22. Rc2 Nd5 23. Bxc4 Nb4 24. Rc3 Bxc4 25. Rxc4 Nd5 26. Nc3 Nb6 27. Rc7 a5
28. Nb5 Bb4 29. a3 Bd2 30. Bxd2 Rxd2 31. Rb7 Nc4 32. Rc7 Nb2 33. e3 Rfd8 34. Ra7
a4 35. Nd4 Rd3 36. Nc6 R8d6 37. Ne5 Rxa3 38. Nxf7 Rf6 39. Ne5 Nd3 40. Nc4 Ra2
41. f4 Rc6 42. Na5 Rcc2 43. Ra8+ Kh7 44. Rd1 Rg2+ 45. Kh1 Rxh2+ 46. Kg1 Rag2+
47. Kf1 Rf2+ 48. Kg1 Rfg2+ 49. Kf1 Nf2 50. Rdd8 Ng4 51. Rh8+ Kg6 52. Ra6+ Kh5
53. Rf8 Nxe3+ 54. Ke1 Re2# 0-1

[Event "Women's Speed Chess Q3"]
[Site "chess.com INT"]
[Date "2021.05.30"]
[Round "11"]
[White "Mohota, Nisha"]
[Black "Antonova, Nadezhda"]
[Result "1-0"]
[WhiteTitle "IM"]
[BlackTitle "WFM"]
[WhiteElo "2195"]
[BlackElo "1877"]
[WhiteFideId "5004330"]
[BlackFideId "14700182"]
[EventDate "2021.05.30"]

1. b3 e5 2. Bb2 Nc6 3. c4 d6 4. e3 g6 5. Nf3 Bg7 6. d4 exd4 7. Nxd4 Nf6 8. Nc3
O-O 9. Be2 Bd7 10. O-O Re8 11. Nc2 Ne5 12. Rb1 Bc6 13. Nd5 Ned7 14. Ndb4 Ne5 15.
Nxc6 Nxc6 16. Nd4 Nxd4 17. Bxd4 Ne4 18. Bxg7 Kxg7 19. Qd4+ Qf6 20. Qxf6+ Nxf6
21. Bf3 Ne4 22. Rfc1 Re7 23. Rb2 Rae8 24. Rbc2 b6 25. Kf1 a5 26. Ke2 f5 27. g3
Kf6 28. Bg2 Re5 29. h4 h5 30. Bxe4 Rxe4 31. Rd2 R8e7 32. Kf3 R4e5 33. Rd3 Re4
34. a3 R7e5 35. b4 axb4 36. axb4 Re7 37. Ra3 R7e5 38. Ra7 Re7 39. Rb7 R4e6 40.
Rb8 Ke5 41. Rc2 Kf6 42. Rd2 Re5 43. Rf8+ Kg7 44. Rc8 Kf6 45. Rc2 Kg7 46. Ra2 Kf6
47. Ra7 Re4 48. Raxc7 R7e5 49. Rf8+ Ke6 50. Re8+ Kf6 51. Rec8 Ke6 52. b5 Kf6 53.
Rb8 Re6 54. Rxb6 R6e5 55. Rxd6+ 1-0

[Event "Women's Speed Chess Q3"]
[Site "chess.com INT"]
[Date "2021.05.30"]
[Round "11"]
[White "Soumya, Swaminathan"]
[Black "Pourkashiyan, Atousa"]
[Result "0-1"]
[WhiteTitle "IM"]
[BlackTitle "WGM"]
[WhiteElo "2351"]
[BlackElo "2322"]
[WhiteFideId "5016193"]
[BlackFideId "12502014"]
[EventDate "2021.05.30"]

1. Nf3 d5 2. c4 e6 3. g3 Nf6 4. d4 Be7 5. Bg2 O-O 6. O-O dxc4 7. Qc2 a6 8. a4
Bd7 9. Bg5 Bc6 10. Rd1 Bxf3 11. Bxf3 c6 12. Qxc4 a5 13. Nc3 Na6 14. e4 Nb4 15.
Qe2 h6 16. Be3 Re8 17. h4 Nd7 18. e5 Nb6 19. Ne4 N6d5 20. Bc1 Rf8 21. Bg2 f5 22.
exf6 Bxf6 23. Nc5 Re8 24. Qg4 Kh8 25. Be4 Ne7 26. Nxe6 Qc8 27. h5 Nbd5 28. Re1
Nc7 29. d5 cxd5 30. Bg6 Nxe6 31. Bxe8 Qxe8 32. Qxe6 Qxh5 33. Bf4 Rd8 34. Rad1 d4
35. Rc1 Nd5 36. Bd2 d3 37. Rc5 Bd4 38. Rb5 b6 39. Kg2 Bc5 40. Rh1 Qe8 41. Qxe8+
Rxe8 42. Rb3 Re2 43. Rxd3 Rxf2+ 44. Kh3 Re2 45. Kg4 Nf6+ 46. Kh3 Ne4 47. Be1
Ng5+ 48. Kg4 Re4+ 49. Kf5 Kh7 50. Bd2 Rxa4 51. Bxg5 Ra2 52. Bf4 Rxb2 53. Rd7 Rf2
54. Kg4 Re2 0-1